| 000 | 00947nam a2200205 4500 | ||
|---|---|---|---|
| 003 | DO-SdUA | ||
| 005 | 20250325093547.0 | ||
| 008 | s2024 dr a|| |||| 0 |a||0|spa d | ||
| 040 |
_aDO-SdUA _bspa _cDO-SdUA |
||
| 041 | 0 | _aspa | |
| 092 | _aMA-EFD 0013 FCE 2024 | ||
| 100 | 1 | _aCorporán Tiburcio, Joel | |
| 245 | 1 | 0 |
_aEstrategia didáctica para la enseñanza del dribling en baloncesto y su impacto en el aprendizaje de los estudiantes de 1ero de secundaria de la Escuela Sabana Toro, Distrito Educativo 04-03, año escolar 2023-2024 / _cJoel Corporán Tiburcio. |
| 260 |
_aSan Cristóbal : _bUASD, _c2024. |
||
| 300 |
_a82 h. : _bil. |
||
| 502 | _a Tesis y trabajo de grado (Maestría en Geografía para Educadores)--Universidad Autónoma de Santo Domingo, San Cristóbal, 2024. | ||
| 504 | _aIncluye referencias bibliográficas. | ||
| 830 | _aTesis y disertaciones académicas (Universidad Autónoma de Santo Domingo) | ||
| 942 |
_2cl _cT _n0 |
||
| 999 |
_c13331 _d13331 |
||